| 000 | 01112cam a22003497a 4500 | ||
|---|---|---|---|
| 003 | CHAP | ||
| 005 | 20220329140435.0 | ||
| 008 | 971013s1952 r 00010 d | ||
| 010 | _a51967 | ||
| 011 | _a52939 | ||
| 035 | _a57089 | ||
| 040 | _cCHAP | ||
| 090 | _aTesis | ||
| 100 | 0 | 0 |
_aSánchez Castillo, José de Jesús. _9107407 |
| 245 | 1 | 3 | _aLa calidad en el maíz |
| 260 |
_aChapingo, Méx. : _bEl autor, _c1952 |
||
| 300 | _a63 p. | ||
| 502 | _aTesis (Ing. Agr. en Industrias Agrícolas) -- ENA | ||
| 590 |
_aALEPH _b10 _c20130110 _lUCH01 _h1328 |
||
| 590 |
_aBATCH-UPD _b10 _c20130110 _lUCH01 _h0018 |
||
| 590 |
_aBATCH-UPD _b10 _c20130110 _lUCH01 _h0708 |
||
| 590 |
_aBATCH-UPD _b10 _c20130409 _lUCH01 _h1956 |
||
| 590 |
_aBATCH-UPD _b10 _c20130410 _lUCH01 _h0354 |
||
| 590 |
_aBATCH-UPD _b10 _c20130914 _lUCH01 _h1753 |
||
| 590 |
_aCONVERSION _b10 _c20130109 _lUCH01 _h1328 |
||
| 650 | 1 | 4 |
_aMaíz _xNormas de calidad. _971027 |
| 901 | _aBK | ||
| 942 | _cFOLL | ||
| 949 |
_bBC _cTES _d-124345 _eTS1 _i57089 _si |
||
| 949 |
_bBC _cTES _d-124346 _eTS2 _fc.2 _i57089 _si |
||
| 949 |
_bBC _cTES _d-124347 _eTS2 _fc.3 _i57089 _si |
||
| 999 |
_c51967 _d51967 |
||